Loading...

Leonhard Euler/

Bibliographic Details
Main Author: Fellman,Emil A
Format: Printed Book
Language:English
Published: Berlin Birkhauser Verlag 2007
Subjects:
LEADER 00501nam a22001457a 4500
008 091120t xxu||||| |||| 00| 0 eng d
080 |a 51(092)  |b FEL 
100 |a Fellman,Emil A  |9 1926 
245 |a Leonhard Euler/  |c Emil A Fellman 
260 |a Berlin  |b Birkhauser Verlag  |c 2007 
300 |a xv,177p. 
653 |a Biographies,maths  |a Biography,euler,Leonhard 
942 |c BK  |6 _ 
999 |c 217383  |d 217383 
952 |0 0  |1 0  |4 0  |6 51092_FEL  |7 0  |9 281651  |a MAT  |b MAT  |d 2009-11-20  |o 51(092) FEL  |p MAT07259  |r 2009-11-20  |t 1  |w 2009-11-20  |y BK